Normal view
MARC view
Entry Personal Name
001 - CONTROL NUMBER
- control field: 10192
003 - CONTROL NUMBER IDENTIFIER
- control field: OSt
005 - DATE AND TIME OF LATEST TRANSACTION
- control field: 20260227013459.0
008 - FIXED-LENGTH DATA ELEMENTS
- fixed length control field: 260227|| aca||aabn | a|a d
040 ## - CATALOGING SOURCE
- Original cataloging agency: OSt
100 ## - HEADING--PERSONAL NAME
- Personal name: Marvin Reyes| Marsha Q. Superio | Carolina C. Sanchez | Maylani S. Gonsales | Marcelo T. Regalado Jr. | Niklai Kovalev | Mary Ann F. Quioc | Roy D. Dayrit | Ann Paula M. Parallag | Arnold C. Gundran
- Relator term: Author